| 000 | 00934nam a22003017a 4500 | ||
|---|---|---|---|
| 001 | 5085 | ||
| 003 | FISKH | ||
| 005 | 20241105124154.0 | ||
| 008 | 241105b cb ||||| |||| 00| 0 eng d | ||
| 020 | _a9780545297233 | ||
| 040 |
_aFISKH _beng _cFISKH _dFISKH |
||
| 050 | _aPZ7.R5628 | ||
| 082 | _a808.899 | ||
| 100 | _aRobinson, Babara | ||
| 245 |
_aThe Best School Year Ever / _cby Barbara Robinson |
||
| 250 | _aFirst Scholastic printing , September 2010 | ||
| 260 |
_aNew York : _bScholastic ; _c1994 . |
||
| 300 |
_a155 pages : _billustrations ; _c18 cm . |
||
| 490 |
_aThe Herdmans _vBook 2 |
||
| 505 | _aZ | ||
| 520 | _aThe six horrible Herdmans, the worst kids in the history of the world, cause mayhem throughout the school year. | ||
| 521 | 8 |
_a1020
_bLexile |
|
| 521 | 8 |
_aZ
_bRaz-Plus |
|
| 650 |
_aschool _vfiction |
||
| 700 |
_aElaine, Stritch _eeditor |
||
| 942 |
_2ddc _cBK _n0 |
||
| 999 |
_c5085 _d5085 |
||